_District laboratory practice in tropical countries (Record no. 5838)
[ view plain ]
| 000 -LEADER | |
|---|---|
| fixed length control field | 00401nam a2200133Ia 4500 |
| 008 - FIXED-LENGTH DATA ELEMENTS--GENERAL INFORMATION | |
| fixed length control field | 151021s9999 xx 000 0 und d |
| 050 ## - LIBRARY OF CONGRESS CALL NUMBER | |
| Classification number | RC 961. 5. C 527 2006 |
| 245 ## - TITLE STATEMENT | |
| Title | _District laboratory practice in tropical countries |
| 250 ## - EDITION STATEMENT | |
| Edition statement | 2nd ed. |
| 260 ## - PUBLICATION, DISTRIBUTION, ETC. (IMPRINT) | |
| Place of publication, distribution, etc. | UK Cambridge University Press 2006 |
| 300 ## - PHYSICAL DESCRIPTION | |
| Extent | vi, 454p. : ills. |
| 500 ## - GENERAL NOTE | |
| General note | includes index |
| 980 ## - EQUIVALENCE OR CROSS-REFERENCE-SERIES STATEMENT--PERSONAL NAME/TITLE [LOCAL, CANADA] | |
| Personal name | ^d20110106 03:30:48^okoech |
No items available.